Financial institutions and markets : (Record no. 197637)
[ view plain ]
| 000 -LEADER | |
|---|---|
| fixed length control field | 00720nam a2200229Ia 4500 |
| 003 - CONTROL NUMBER IDENTIFIER | |
| control field | OSt |
| 005 - DATE AND TIME OF LATEST TRANSACTION | |
| control field | 20220124115013.0 |
| 008 - FIXED-LENGTH DATA ELEMENTS--GENERAL INFORMATION | |
| fixed length control field | 210716s2004 xx 000 0 und d |
| 020 ## - INTERNATIONAL STANDARD BOOK NUMBER | |
| International Standard Book Number | 0074633139 |
| 040 ## - CATALOGING SOURCE | |
| Transcribing agency | AIMIT LIBRARY |
| 041 ## - LANGUAGE CODE | |
| Language code of text/sound track or separate title | eng |
| 082 ## - DEWEY DECIMAL CLASSIFICATION NUMBER | |
| Classification number | 332.1 |
| Edition number | 3 |
| Item number | BHOL |
| 100 ## - MAIN ENTRY--PERSONAL NAME | |
| Personal name | Bhole, L M. |
| 9 (RLIN) | 14487 |
| 245 ## - TITLE STATEMENT | |
| Title | Financial institutions and markets : |
| Remainder of title | structure growth and innovations / |
| Statement of responsibility, etc. | by L M Bhole. |
| 250 ## - EDITION STATEMENT | |
| Edition statement | [3rd ed.] |
| 260 ## - PUBLICATION, DISTRIBUTION, ETC. | |
| Place of publication, distribution, etc. | New Delhi: |
| Name of publisher, distributor, etc. | Tata McGraw Hill Publishing Company Ltd, |
| Date of publication, distribution, etc. | 2004. |
| 300 ## - PHYSICAL DESCRIPTION | |
| Extent | xv, 564p. ;23cm. |
| 650 ## - SUBJECT ADDED ENTRY--TOPICAL TERM | |
| Topical term or geographic name entry element | An introduction to security analysis |
| 9 (RLIN) | 14488 |
| 650 ## - SUBJECT ADDED ENTRY--TOPICAL TERM | |
| Topical term or geographic name entry element | Insurance companies |
| 9 (RLIN) | 14489 |
| 650 ## - SUBJECT ADDED ENTRY--TOPICAL TERM | |
| Topical term or geographic name entry element | call money market |
| 9 (RLIN) | 14490 |
| 942 ## - ADDED ENTRY ELEMENTS (KOHA) | |
| Source of classification or shelving scheme | Dewey Decimal Classification |
| Koha item type | Book |
| Edition | 3 |
| Call number prefix | 332.1 BHOL |
| Withdrawn status | Lost status | Source of classification or shelving scheme | Damaged status | Not for loan | Collection code | Home library | Current library | Shelving location | Date acquired | Cost, normal purchase price | Inventory number | Total Checkouts | Full call number | Barcode | Date last seen | Cost, replacement price | Price effective from | Koha item type |
|---|---|---|---|---|---|---|---|---|---|---|---|---|---|---|---|---|---|---|
| Dewey Decimal Classification | MBA | St Aloysius Institute of Management & Information Technology | St Aloysius Institute of Management & Information Technology | Finance | 04/01/2004 | 210.00 | Bill no:454; Bill dt:2004-03-03 | 332.1 BHOL | MBA00052 | 05/23/2026 | 168.00 | 07/16/2021 | Book | |||||
| Dewey Decimal Classification | MBA | St Aloysius Institute of Management & Information Technology | St Aloysius Institute of Management & Information Technology | Finance | 04/01/2004 | 210.00 | Bill no:454; Bill dt:2004-03-03 | 332.1 BHOL | MBA00053 | 05/23/2026 | 168.00 | 07/16/2021 | Book | |||||
| Dewey Decimal Classification | MBA | St Aloysius Institute of Management & Information Technology | St Aloysius Institute of Management & Information Technology | Finance | 04/07/2004 | 210.00 | Bill no:5925; Bill dt:2004-03-30 | 332.1 BHOL | MBA00202 | 05/23/2026 | 168.00 | 07/16/2021 | Book |